LEADER 01455nam a2200349 a 4500 001 000000148197 003 CaOOAMICUS 005 20151215142124.0 008 151215s1963 fr u000 u fre r 032 $aLibriCat 040 $aPUL$bita 041 1 $afre$heng 100 1 $aTrethowan, Illtyd,$d1907-1993.$0(OLS)http://pul/name/94646 240 10$aBasis of belief.$lFrancese.$0(OLS)http://pul/title/186997 245 12$aL'homme et la connaissance de Dieu / $cIlltyd Trethowan ; traduit de l'anglais par J.P. Amalric ; préface de M. Nédoncelle. 260 $aParis :$bEditions de l'Epi,$c1963. 300 $a201 p. ;$c19 cm. 504 $aBibliografia in nota. 650 4$aUomo (teologia).$0(OLS)http://pul/subject/1029 650 4$aDio$xConoscibilità.$0(OLS)http://pul/subject/4852 700 1 $aNédoncelle, Maurice,$d1905-$0(OLS)http://pul/name/5761 700 1 $aAmalric, J.P.$0(OLS)http://pul/name/94647 850 $aPUL 852 $aPUL$W1$xDP1 Fondo Bordoni$y120$m3 C 87$j163099$qFondi$B172033$CPULBib$Z2$F172033 $HBor989 $81 941 1 $a1 960 $aUmanesimo cristiano$91029 960 $aUmanesimo cristiano$91029 960 $aAntropologia teologica$91029 960 $aAntropologia teologica$91029 996 $6245$aL'homme et la connaissance de Dieu / $9(OLS)http://pul/title/186996 996 $6260$aParis :$bEditions de l'Epi$9(OLS)http://pul/publisher/50935 LEADER 01783nam a2200373 a 4500 001 000000153002 003 CaOOAMICUS 005 20160719103220.0 008 160719s2016 it oca u000 u ita r 020 $a978-88-6060-722-5* 032 $aLibriCat 040 $aPUL$bita 082 04$a255.7 245 00$aRomania-Sovrano Ordine di Malta : $b25 anni dal ripristino dei rapporti diplomatici 1991-2016 /$ca cura di Bogdan Tataru-Cazaban e Mihail Constantin Banciu. 260 $aRoma :$bPalombi & Partner Srl,$c©2016. 300 $a77 p. :$bfoto., ritr., ill. ;$c24 cm. 500 $aIn testa al front.: Ambasciata di Romania presso il Sovrano Ordine di Malta. 504 $aBibliografia in nota. 610 24$aCavalieri di Malta.$0(OLS)http://pul/subject/39371 700 1 $aTataru-Cazaban, Bogdan.$0(OLS)http://pul/name/97428 700 1 $aBanciu, Mihail Constantin.$0(OLS)http://pul/name/97429 850 $aPUL 852 $aPUL$W1$xDP2 Religione 3$y114$m255. 7 TATBO 1$j176204$qDDC 21$B178555$CPULBib$Z2$F178555 $H127979 $81 941 1 $a9 960 $aSovrano militare ordine di Malta$939371 960 $aSovrano militare Ordine ospedaliero di San Giovanni di Gerusalemme di Rodi e di Malta $939371 960 $aOrdine dei Cavalieri di S. Giovani di Gerusalemme$939371 960 $aO.S.J.$939371 960 $aOrdine di Malta$939371 996 $6020$a978-88-6060-722-5*$9(OLS)http://pul/number/160673 996 $6082$a255.7$9(OLS)http://pul/classification/2456 996 $6245$aRomania-Sovrano Ordine di Malta : $b25 anni dal ripristino dei rapporti diplomatici 1991-2016$9(OLS)http://pul/title/192438 996 $6260$aRoma :$bPalombi & Partner Srl$9(OLS)http://pul/publisher/82005